000
00321nam a2200133Ia 4500
008
210312s9999||||xx |||||||||||||| ||und||
041
_a
osm
050
_a
PL243
050
_b
G86.M39
100
_a
Günaltay, Mehmed Şemseddin
245
0
_a
Maziden aliye
260
_c
1339
650
_a
Edebiyat--Türk edebiyatı--Makale
999
_c
22177
_d
22177